000 00442 a2200145 4500
999 _c6467
_d6467
020 _a9780750633840
050 _aQH91LAL 2010
100 _aLalli Carol M.
_eauthor
245 _aBiological Oceanography :
_ban introduction /
_ccarol M. Lalli and Timothy R. Parsons
264 _aAmsterdam:
_bButterworth Heinemann,
_c2010
300 _a314p.
_bill.(col.)
500 _aincludes index
650 _aBiological
942 _2lcc
_cBK
_e2nd
_h91
_iLAL
_kQH